000 00215nam a22000977a 4500
999 _c16222
_d16222
003 OSt
008 200624b ||||| |||| 00| 0 eng d
100 _aSubba Rao
_94629
245 _aTrignometry (Bsc Maths)
942 _cBK